• Monasterio de El Escorial (San Lorenzo de El Escorial, España).

di Corporate Name

Records bibliografici associati: 1

001 - CONTROL NUMBER

  • control field: 67819

003 - CONTROL NUMBER IDENTIFIER

  • control field: IT-RoINE

005 - DATE AND TIME OF LATEST TRANSACTION

  • control field: 20230112113111.0

008 - FIXED-LENGTH DATA ELEMENTS

  • fixed length control field: 200619|| aca||aabn | a|a d

040 ## - CATALOGING SOURCE

  • Original cataloging agency: IT-RoINE
  • Transcribing agency: IT-RoINE

110 2# - HEADING--CORPORATE NAME

  • Corporate name or jurisdiction name as entry element: Monasterio de El Escorial (San Lorenzo de El Escorial, España).
  • Subordinate unit: Biblioteca
  • Form subheading: Manuscrito.
  • Number of part/section/meeting: S-II-18

670 ## - SOURCE DATA FOUND

  • Source citation: Work cat.: (IT-RoINE)0: Agustín, Antonio, 1517-1586 67818, Alveolus (manuscrito escurialense S-II-18) /, 1982.